Introduction to early childhood education (Record no. 2910)

000 -LEADER
fixed length control field 00690nam a22002177a 4500
003 - CONTROL NUMBER IDENTIFIER
control field OSt
005 - DATE AND TIME OF LATEST TRANSACTION
control field 20210726094224.0
008 - FIXED-LENGTH DATA ELEMENTS--GENERAL INFORMATION
fixed length control field 210726b ||||| |||| 00| 0 eng d
020 ## - INTERNATIONAL STANDARD BOOK NUMBER
International Standard Book Number 9780176169091
040 ## - CATALOGING SOURCE
Transcribing agency ALUPE UNIVERSITY
050 ## - LIBRARY OF CONGRESS CALL NUMBER
Classification number LB1139.3
Item number .E38 2003
100 ## - MAIN ENTRY--PERSONAL NAME
Personal name Eva Essa
245 ## - TITLE STATEMENT
Title Introduction to early childhood education
250 ## - EDITION STATEMENT
Edition statement Third Canadian Edition
260 ## - PUBLICATION, DISTRIBUTION, ETC.
Place of publication, distribution, etc. Vancouver
Name of publisher, distributor, etc. Langara College
Date of publication, distribution, etc. c2007.
300 ## - PHYSICAL DESCRIPTION
Extent xxvii, 515 p.
Other physical details ill.
Size of unit 25 cm
500 ## - GENERAL NOTE
General note Includes bibliographical references and index
650 ## - SUBJECT ADDED ENTRY--TOPICAL TERM
Topical term or geographic name entry element Early childhood education. Early childhood education -- Canada. Canada.
700 ## - ADDED ENTRY--PERSONAL NAME
Personal name R E Young
942 ## - ADDED ENTRY ELEMENTS (KOHA)
Source of classification or shelving scheme
Koha item type Book
Suppress in OPAC MM
Holdings
Withdrawn status Lost status Source of classification or shelving scheme Damaged status Not for loan Permanent Location Current Location Shelving location Date acquired Total Checkouts Full call number Barcode Date last seen Price effective from Koha item type Public note
          AU LIBRARY AU LIBRARY Open Shelf 26.07.2021   LB1139.3 .E38 2003 28000358 26.07.2021 26.07.2021 Book MM

Powered by Koha